000 00667nam a2200289Ia 4500
005 20260324144319.0
008 008 260324s9999 xx 000 0 eng d
020 _a9780203727737
037 _aEBOOK
040 _aCRL
040 _beng
040 _cCRL
041 _2eng
041 _aeng
084 _qCRL
100 _aElaine V. Siegel
_91208954
245 0 _aFemale Homosexuality
245 0 _bChoice Without Volition
260 _bTaylor and Francis
260 _c1988
365 _a
365 _b86.99
856 _uhttp://www.taylorfrancis.com/books/9780203727737
942 _cEBOOK
999 _c1825337
_d1825337